| 000 | 00499nam a2200145 4500 | ||
|---|---|---|---|
| 001 | 1657 | ||
| 005 | 20181127163739.0 | ||
| 090 | 0 | 0 | _a342.07 C7467v 2008 |
| 110 |
_aElection Commission of Bhutan. _b _c _d _e _n _p |
||
| 245 | 0 | 0 |
_aElectronic voting machine(EVM) : _bRules and regulations of the kingdom of Bhutan / _cElection Commission of Bhutan. _h |
| 260 | 0 | 0 |
_aThimphu : _bElection Commission of Bhutan, _c2008. |
| 300 | 0 | 0 | _a13, 18 p. |
| 500 | 0 | 0 | _aIn English and Dzongkha. |
| 650 | 0 | 0 |
_aElection law --Bhutan. _x |
| 999 |
_c1244 _d1244 |
||